00266pam a2200109 a 4500020000500000041000500005082001500010100002600025245004500051260004300096300001700139 c h a700.7bPHA aDr. vasanti phadake . aShikshak- PrashikshakhTextual Documents a[s.l]:bJyotsna Prakashan Pune,c2015. a276:bpaper.